000 00667nam a2200217Ii 4500
003 JO-AjNU
008 230606s9999||||xx |||||||||||||| ||und||
020 _a0-03-011522-1
040 _aJO-AjNU
_beng
_erda
_cJO-AjNU
041 _aeng
050 1 4 _aHF5635.D228 1988
100 3 _aDavidson, Sidney, Clyde P. stickney, Roman L. Weil,
_eauthor
_96821
245 0 0 _aFinancial Accounting: An Introuction to Concepts, Methods, and Uses
250 _a5th ed
264 3 1 _aNew york: Dryden press, 1988
300 _a515p
336 _atext
_btxt
_2rdacontent
337 _aunmediated
_bn
_2rdamedia
338 _avolume
_bnc
_2rdacarrier
650 4 _aAccounting
_96822
999 _aE3555
_c3535
_d3535